000 00642nam a2200229Ia 4500
003 OSt
005 20221006164138.0
006 a|||||r|||| 00| 0
007 ta
008 221006b |||||||| |||| 00| 0 hin d
024 _a3,817
037 _cTextual
040 _aFML
_cFML
_bhin
041 _2hin
_ahin
082 _aO152Oa5,1N:g, K3
100 _aKale Manohar Au.
_9676702
245 0 _aAadhunik Hindi Marathi Main Kavya Shastriya Adhyayan
260 _aMumbai
_bHindi Granth RAtnakar Pvt. Ltd.
300 _a692
_ccm.
942 _hO152Oa5,1N:g, K3
_cTEXL
_2CC
999 _c1116345
_d1116345